Metody matematického a fyzikálního experimentu v proudění tekutin : autoreferát doktorské disertační práce /

Hlavní autor: Fabian, Petr, 1980-
Korporativní autor: Vysoká škola báňská - Technická univerzita Ostrava. Strojní fakulta
Jazyk: Čeština
Vydáno: Ostrava : VŠB - Technická univerzita Ostrava, 2008
Vydání: 1. vyd.
Edice: Vědecké spisy Fakulty strojní. Autoreferáty disertačních prací ; sv. 115
Témata:
Fyzický popis: 42 s. : il. (převážně barev.) ; 21 cm
Language note: Anglické resumé
Knihy
Uloženo v:
LEADER 02502nam a2200541 a 4500
001 nkc20081801199
003 CZ PrNK
005 20081003092803.0
007 ta
008 080724s2008 xr a f m 000 0 cze
015 |a cnb001801199 
020 |a 978-80-248-1752-1  |q (brož.) :  |c neprodejné 
040 |a ABA001  |b cze  |d OLA001 
041 0 |a cze  |b eng 
072 7 |a 532  |x Mechanika tekutin obecně. Mechanika kapalin  |2 Konspekt  |9 6 
080 |a 532.517.4  |2 MRF 
080 |a 519.673  |2 MRF 
080 |a (043.3)378.245  |2 MRF 
080 |a (048.3)  |2 MRF 
100 1 |a Fabian, Petr,  |d 1980-  |7 mzk2008463756  |4 dis 
245 1 0 |a Metody matematického a fyzikálního experimentu v proudění tekutin :  |b autoreferát doktorské disertační práce /  |c Petr Fabian 
246 3 1 |a Methods of the mathematical and physical modeling in the fluid flow 
250 |a 1. vyd. 
260 |a Ostrava :  |b VŠB - Technická univerzita Ostrava,  |c 2008 
300 |a 42 s. :  |b il. (převážně barev.) ;  |c 21 cm 
490 1 |a Vědecké spisy Fakulty strojní. Autoreferáty disertačních prací ;  |v sv. 115 
500 |a Autoreferát disertační práce (Ph.D.)--Vysoká škola báňská - Technická univerzita Ostrava, Fakulta strojní, katedra hydromechaniky a hydraulických zařízení 
500 |a Na obálce souběžný název: Methods of the mathematical and physical modeling in the fluid flow 
500 |a "Studijní obor 2302V007 Hydraulické a pneumatické stroje a zařízení" 
500 |a 40 výt. 
504 |a Obsahuje bibliografii 
546 |a Anglické resumé 
650 0 7 |a turbulentní proudění  |7 ph237424  |2 czenas 
650 0 7 |a matematické modelování  |7 ph115240  |2 czenas 
650 0 9 |a turbulent flow  |2 eczenas 
650 0 9 |a mathematical modeling  |2 eczenas 
655 7 |a doktorské disertace  |7 fd186751  |2 czenas 
655 7 |a autoreferáty  |7 fd131857  |2 czenas 
655 9 |a higher doctoral dissertations  |2 eczenas 
655 9 |a autoabstracts  |2 eczenas 
710 2 |a Vysoká škola báňská - Technická univerzita Ostrava.  |b Strojní fakulta  |7 kn20010709395 
810 2 |a Vysoká škola báňská - Technická univerzita Ostrava.  |b Strojní fakulta.  |t Vědecké spisy.  |p Autoreferáty disertačních prací  |0 s 
910 2 |a BOA001  |b 2-1209.251 
928 9 |a Vysoká škola báňská - Technická univerzita Ostrava 
990 |a BK 
995 |a 01 
991 |b 200808  |c NOV 
996 6 |b 2610350727  |c 2-1209.251  |l MZK  |r Sklad / do 1 hodiny  |n 1  |p p.v.  |w 001071478  |u 000010  |a 1  |e BOA001  |j MZK50  |s P